000 00340 a2200157 4500
001 62017
020 _a9788510054232
040 _cAnchieta - Pituba
100 _aMocellin, Renato
240 1 0 _aHistória, 7° Ano
_lpor
245 1 0 _aHistória, 7° Ano
300 _a319
362 0 _a2013
650 4 _aHistória do mundo
942 _cBK
999 _c62017
_d62017